| 000 | 01177nam a22003017a 4500 | ||
|---|---|---|---|
| 005 | 20120514111519.0 | ||
| 008 | 120514t xxu||||| |||| 00| 0 eng d | ||
| 010 | _aENG-105256 | ||
| 020 |
_a9788124605332 _c580.00 |
||
| 020 |
_a8124605335 _c580.00 |
||
| 035 | _aEN-88789 | ||
| 037 | _bDBAD/PUB | ||
| 040 |
_aDPL _bEng |
||
| 082 | _a701.17 | ||
| 100 |
_946773 _aSaxena, S.K. |
||
| 245 |
_aAvenues to beauty : _cby S.K. Saxena _beight essays in aesthetics / |
||
| 260 |
_aNew Delhi _bSangeet Natak Akademi _bD.K. Printworld _c2009 |
||
| 270 |
_a'Srikunj', F-52, Bali Nagar, Ramesh Nagar Metro Station _bNew Delhi _e15 |
||
| 300 |
_aviii, 243 p _c23cm(Hb) |
||
| 500 | _aEssays; previously published. | ||
| 500 | _aIncludes bibliographical references (p. [233]-237) and indexes | ||
| 650 |
_aAesthetics. _947047 |
||
| 650 |
_aAesthetics, Indic. _947048 |
||
| 650 |
_aHindustani music _x Philosophy and aesthetics _947049 |
||
| 710 |
_aSangeet Natak Akademi. _947050 |
||
| 942 |
_2ddc _cEN _h701.17 _mSAX |
||
| 999 |
_c66561 _d66561 |
||